[Event "FRA-chT 9900"]
[Site "France"]
[Date "2000.04.01"]
[Round "6.2"]
[White "Lautier, Joel"]
[Black "Turner, Matthew"]
[Result "1-0"]
[WhiteElo "2632"]
[BlackElo "2487"]
[Annotator "Lautier,J"]
[PlyCount "73"]
[EventDate "1999.02.04"]
[EventType "team"]
[EventRounds "11"]
[EventCountry "FRA"]
[SourceTitle "CBM 077"]
[Source "ChessBase"]
[SourceDate "2000.07.27"]
[SourceVersion "1"]
[SourceVersionDate "2000.07.27"]
[SourceQuality "1"]

1. e4 e5 2. Nf3 Nc6 3. d4 exd4 4. Nxd4 Bc5 5. Nxc6 Qf6 6. Qd2 dxc6 7. Nc3 Be6
8. Na4 Rd8 9. Bd3 Bd4 10. O-O Ne7 11. c3 b5 12. cxd4 Qxd4 13. Qa5 Qxa4 (13...
bxa4 14. Bc2 O-O (14... Bc4 $6 15. Re1 Bb5 16. Bg5 {/\ Rad1} (16. Qxc7 Qc4 $132
) 16... Qxb2 (16... f6 17. Rad1 Qxb2 18. Rxd8+ Kxd8 19. Bf4 $16) 17. Bxe7 Kxe7
18. Bxa4 Bxa4 19. Qxa4 $16) 15. Re1 (15. Qxa4 Qxa4 16. Bxa4 Rd4 17. Bc2 Rc4 18.
Bb1 {/\ b3} Ra4 19. Be3 Rb8 20. Rd1 (20. Bc2 Rxa2 21. Rxa2 Bxa2 22. b3 a5 $11)
20... f6 21. Rd2 $14) (15. Be3 Qxb2 16. Bxa4 Rd7 17. Qxa7 Bxa2 18. Rad1 Rxd1
19. Rxd1 $14) 15... Qb6 16. Qc3 $1 (16. Qxa4 c5 17. Be3 Nc6 $132) 16... Qb5 (
16... c5 $2 17. Be3 $16) (16... Qd4 17. Qa3 $14) 17. Qa3 $14 (17. Be3 Nc8 $132
{/\ Nb6})) 14. Qxa4 bxa4 15. Bc2 Bc4 16. Re1 Bb5 17. Be3 Nc8 18. b3 $5 $146
axb3 (18... Nb6 $142 19. bxa4 Bxa4 (19... Nxa4 20. Bxa7 O-O 21. Be3 Ra8 22. Bb3
Nc3 23. f3 $14) 20. Bxa4 Nxa4 21. Bxa7 (21. Rec1 Rd6 22. Bxa7 Kd7 $5) 21... O-O
22. Rec1 Rd6 23. Rab1 Ra8 24. Be3 Re6 (24... h5 25. h3 Nb6 26. Rc2 $14) 25. Rb4
(25. f3 f5 26. Rc4 fxe4 27. fxe4 Nb6 28. Bxb6 Rb8 29. Rcb4 Rxb6 30. Rxb6 cxb6
31. Rxb6 Rxe4 32. Rxc6 Re2 $14) 25... h6 26. h3 (26. Rcc4 Nb6 27. Rc2 Ra4 $14)
26... c5 27. Bxc5 Rc6 28. Rbc4 Rxc5 29. Rxc5 Nxc5 30. Rxc5 Rxa2 31. Rxc7 h5 $14
) 19. Bxb3 Rd3 (19... O-O 20. a4 Bd3 21. f3 $14 {/\ Rec1}) 20. Rec1 {/\ Bc2}
Nb6 21. Bc2 Ra3 (21... Rd7 22. a4 $36) 22. Bb3 f6 $2 (22... Ra6 23. Bf4 (23.
Bc5 Ba4 $132) 23... O-O 24. Bxc7 Rc8 25. Bd6 Ba4 26. Bc5 Nd7 27. Be3 $14) 23.
Rc3 {/\ Bf7} Ra6 24. f4 $1 {/\ Be6, f5} Na4 (24... Ba4 25. Be6 $36) 25. Rc2 Ke7
(25... Bd3 26. Rd2 Bxe4 27. Rd4 Nc3 (27... Nc5 28. Rc1 Nxb3 29. Rxe4+ $18) 28.
Rc4 Ne2+ 29. Kf2 Bd3 30. Rb4 $18) 26. e5 $1 $40 Rd8 27. Re1 Rd3 28. Bf2 $16 {
>< Ke7} fxe5 $6 (28... Kf8 $142 $16) 29. Bh4+ Ke8 (29... Kd7 30. fxe5 c5 31.
e6+ Ke8 32. e7 c4 33. Rf2 $18) 30. Rxe5+ $18 Kd7 (30... Kf8 31. Rf5+ Ke8 32.
Re2+ Kd7 33. Be6+ Kd6 34. Be7+ $1 Kxe7 35. Bc8+ Kd6 36. Re6#) 31. Be6+ Kd6 32.
Bc8 c5 33. Re6+ Kd5 34. Bxa6 Rd1+ 35. Kf2 Kxe6 36. Bxb5 Rd4 37. Kf3 {
Clichy-Nancy: 6-3} 1-0

[Event "Olympiad-32"]
[Site "Yerevan"]
[Date "1996.10.01"]
[Round "14.4"]
[White "Rublevsky, Sergei"]
[Black "Gretarsson, Helgi Ass"]
[Result "1-0"]
[WhiteElo "2645"]
[BlackElo "2465"]
[Annotator "Lempert,I"]
[PlyCount "53"]
[EventDate "1996.09.15"]
[EventType "team-swiss"]
[EventRounds "14"]
[EventCountry "ARM"]
[SourceTitle "CBM 055"]
[Source "ChessBase"]
[SourceDate "1996.12.01"]
[SourceVersion "1"]
[SourceVersionDate "1996.12.01"]
[SourceQuality "1"]
[WhiteTeam "Russia"]
[BlackTeam "Iceland"]
[WhiteTeamCountry "RUS"]
[BlackTeamCountry "ISL"]

1. e4 e5 2. Nf3 Nc6 3. d4 exd4 4. Nxd4 Bc5 5. Be3 Qf6 6. c3 Nge7 7. Bc4 Ne5 8.
Be2 Qg6 9. O-O d5 10. Bh5 Bg4 11. Bxg6 Bxd1 12. Bxf7+ Kxf7 13. Rxd1 Nc4 14. b4
Bb6 15. Nd2 Nxe3 16. fxe3 Rhe8 17. c4 dxc4 (17... a5 $6 18. c5 Ba7 19. Nb5 Bb8
20. Nb3 axb4 21. exd5 Nf5 22. e4 Rxe4 23. d6 $14 {Konguveel,P-Barcenilla,R/
Calkutta/1994/}) 18. Nxc4 Rad8 $2 (18... Red8 $5 $13) 19. Nxb6 axb6 20. Nb5 $1
$16 Nc6 21. Rxd8 Rxd8 22. Nxc7 Rd2 23. Rf1+ Kg6 24. Nd5 Rxa2 25. b5 $1 Na7 26.
Rf8 Ra4 (26... Nxb5 27. Rf5 $1 $18) 27. e5 1-0

[Event "Tata Steel-C 74th"]
[Site "Wijk aan Zee"]
[Date "2012.01.15"]
[Round "2"]
[White "Sadler, Matthew D"]
[Black "Sachdev, Tania"]
[Result "1/2-1/2"]
[WhiteElo "2660"]
[BlackElo "2411"]
[Annotator "Let's Check"]
[PlyCount "105"]
[EventDate "2012.01.14"]
[EventType "tourn"]
[EventRounds "13"]
[EventCountry "NED"]
[EventCategory "9"]
[SourceTitle "CBM 147"]
[Source "ChessBase"]
[SourceDate "2012.03.16"]
[SourceVersion "1"]
[SourceVersionDate "2012.03.16"]
[SourceQuality "1"]

1. e4 e5 2. Nf3 Nc6 3. d4 exd4 4. Nxd4 Bc5 5. Nxc6 Qf6 6. Qf3 bxc6 7. Nd2 d6 8.
Nb3 Bb6 9. Bd2 Qxf3 10. gxf3 Ne7 11. a4 a5 12. Rg1 Ng6 13. Be3 Bxe3 14. fxe3
O-O 15. Nd4 Bd7 16. Rg3 d5 17. Nb3 dxe4 18. Nc5 Bf5 19. fxe4 Bc8 20. O-O-O Ne5
21. Rd4 Be6 22. Be2 Rfe8 23. c3 Re7 24. b4 h6 25. Rg1 g5 26. Kb2 Ree8 27. Ka3
g4 28. Rgd1 h5 29. bxa5 Rxa5 30. Rd8 Kf8 31. Rxe8+ Kxe8 32. Na6 $2 (32. Kb4 Ra8
33. Nxe6 $11) 32... Bc4 $19 33. Nxc7+ Ke7 34. Bxc4 Nxc4+ 35. Kb3 Nxe3 36. Re1
Ng2 37. Rg1 Nh4 38. h3 Nf3 39. Rg3 Nd2+ 40. Kb4 Ra7 $2 (40... Nxe4 41. Rg1 Ra7
$19) 41. hxg4 $17 hxg4 42. Nb5 cxb5 43. axb5 Nxe4 44. Rxg4 Nd6 45. c4 Ra1 46.
Kc5 Rc1 47. Rd4 Rxc4+ 48. Rxc4 Nxc4 49. Kxc4 Kd6 50. Kd4 f5 51. b6 Kc6 52. Ke5
Kxb6 53. Kxf5 1/2-1/2

[Event "Olympiad-32"]
[Site "Yerevan"]
[Date "1996.09.20"]
[Round "5.4"]
[White "Rublevsky, Sergei"]
[Black "Peng, Xiaomin"]
[Result "1-0"]
[WhiteElo "2645"]
[BlackElo "2490"]
[Annotator "Makarichev,S"]
[PlyCount "65"]
[EventDate "1996.09.15"]
[EventType "team-swiss"]
[EventRounds "14"]
[EventCountry "ARM"]
[SourceTitle "CBM 055"]
[Source "ChessBase"]
[SourceDate "1996.12.01"]
[SourceVersion "1"]
[SourceVersionDate "1996.12.01"]
[SourceQuality "1"]
[WhiteTeam "Russia"]
[BlackTeam "China"]
[WhiteTeamCountry "RUS"]
[BlackTeamCountry "CHN"]

1. e4 e5 2. Nf3 Nc6 3. d4 exd4 4. Nxd4 Bc5 5. Be3 Qf6 6. c3 Nge7 7. Bc4 O-O 8.
O-O Ne5 9. Be2 Qg6 10. Nd2 d5 (10... d6 11. Bh5 Qf6 12. f4 N5c6 13. N2b3 $14 {
Sveshnikov,E-Yandemirov,V/Elista(RUS-ch)/1995/}) 11. Bh5 $1 Qf6 (11... Qa6 12.
N2b3 $1 Bd6 (12... Bb6 13. Be2 Nc4 14. Bg5 f6 15. Bc1 $140 $16 dxe4 $2 16. Nd2
$18) (12... Bxd4 13. Bxd4 $40) 13. Be2 Nc4 14. Bc1 $1 $40) 12. f4 N5c6 13. e5
Qh6 14. N2b3 Bxd4 15. cxd4 Nf5 16. Bd2 $1 (16. Bf2 $2 Qxf4) 16... Qe6 (16...
Ncxd4 17. Nxd4 Nxd4 18. f5 $1 (18. Bb4 $2 Ne2+ $1 19. Bxe2 Qb6+ $15) 18... Qb6
(18... Qa6 19. f6 $1 $16 (19. Bb4 Qb6 20. Bxf8 Kxf8 21. Kh1 Bxf5 $13)) 19. Be3
c5 20. Bxd4 (20. f6 $6 g6 21. Bxd4 (21. Qc1 Kh8 (21... Ne6 22. Bg4 d4 23. Bf2))
21... cxd4 22. Qd2 Kh8 23. Qh6 Rg8 $13) 20... cxd4 21. Qd2 d3+ 22. Kh1 Qd4 23.
Rae1 $16) 17. Rf2 $1 (17. Bc3 $4 Ne3) 17... g6 (17... Ncxd4 $2 18. Nxd4 Nxd4
19. Bb4 $16) 18. Bg4 h5 19. Bxf5 $1 Qxf5 20. Rc1 {xc7/} Be6 21. Rc3 $1 Rac8 22.
Rg3 $18 f6 (22... Bd7 23. Rg5 Qe4 24. f5 Nxd4 25. Nxd4 Qxd4 26. fxg6 fxg6 27.
Rxg6+ Kh7 28. Qxh5#) 23. Nc5 Nd8 24. exf6 Kh7 (24... Rxf6 25. Rg5) (24... Qxf6
25. Qxh5) 25. Rg5 Qxf6 26. f5 Bxf5 27. Rgxf5 Qxf5 (27... gxf5 28. Nd7 Qg7 29.
Nxf8+ Qxf8 30. Qxh5+) 28. Rxf5 Rxf5 29. Qe1 Nf7 30. Qe6 Nd6 31. Nd7 Ne4 32.
Qe7+ Kg8 33. Bh6 1-0

[Event "EU-ch 12th"]
[Site "Aix les Bains"]
[Date "2011.03.31"]
[Round "9"]
[White "Svidler, Peter"]
[Black "Hracek, Zbynek"]
[Result "1-0"]
[WhiteElo "2730"]
[BlackElo "2631"]
[Annotator "Marchand,A/Primel,D"]
[PlyCount "149"]
[EventDate "2011.03.22"]
[EventType "swiss"]
[EventRounds "11"]
[EventCountry "FRA"]
[SourceTitle "CBM 142 Extra"]
[Source "ChessBase"]
[SourceDate "2011.06.27"]
[SourceVersion "1"]
[SourceVersionDate "2011.06.27"]
[SourceQuality "1"]
[TimeControl "40/5400+30:1800+30"]

1. e4 e5 2. Nf3 Nc6 3. d4 exd4 4. Nxd4 Nf6 (4... Bc5 {La grande ligne} 5. Be3 (
5. Nb3 Bb4+ 6. c3 Be7 7. f4 d6 8. Bd3 Nh6 9. N1d2 O-O 10. Nf3 f5 11. O-O Kh8
12. h3 fxe4 13. Bxe4 Nf5 14. Kh2 Bh4 15. Nxh4 Qxh4 16. Qd3 Nfe7 {Vallejo Pons,
F (2724)-Bruzon Batista,L (2673) FIDE World Cup 2011 (2.1) 0-1} (16... Be6 17.
Bd2 d5 $5 {JL VILELA YB 101}))) 5. Nxc6 bxc6 6. e5 Qe7 (6... Ne4 7. Qf3 Ng5 8.
Qg3 Ne6 9. Bd3 d5 (9... d6) 10. O-O {[%cal Gf2f4,Gf4f5]} Bc5 11. Nd2 O-O 12.
Nb3 Bb6) 7. Qe2 Nd5 8. c4 {Cette idée de Blackburne résiste а l'épreuve du
temps} Ba6 (8... Nb6 {L'alternative} 9. Nd2 (9. Nc3 Qe6 (9... Bb7 10. Bd2 g6
11. Ne4 O-O-O 12. a4 Ba6 13. Qf3 (13. f3 Bxc4 14. Qf2 Bxf1 15. Kxf1 Qe6 $132 {
Pavlidis,A (2419)-Bellos,I (1941) GRE CupT Peristeri 2011 (1) 1/2}) 13... Re8
$11 {Nepomniachtchi,I (2704)-Bacrot,E (2705) EU-Cup 28th Eilat 2012 (3.2) 1-0})
10. Qe4 Bb4 11. Bd2 Ba6 12. b3 Bxc3 13. Bxc3 d5 (13... d6) 14. Qh4 dxc4 15. Rc1
Qg6 16. g3 $5) (9. b3 a5 $132) 9... Qe6) 9. Nd2 $5 (9. b3 {La grande ligne}) (
9. g3 g6 10. b3 Bg7 11. Bb2) 9... g6 10. Nf3 {94} (10. b3 {La grande ligne} Bg7
11. Bb2 Nb4 12. Nf3 c5 13. g3 O-O 14. Bg2 d5 $1 {Svidler,P (2660)-Adams,M 
(2680) Tilburg Fontys 1997 (8) 1/2}) 10... Qb4+ {94 Tout a été joué а tempo}
11. Kd1 {Il n'est pas facile pour les Noirs de profiter de la position du K
Blanc bloqué au centre et dans la pratique, les Blancs ont des bons résultats
а haut niveau.} Rb8 (11... Nb6 $5 12. b3 Bg7 13. Qd2 Qxd2+ 14. Bxd2 $14 {
Barbosa,E (2412)-Mecking,H (2590) BRA-ch 78th Campinas 2011 (10) 0-1}) (11...
Qa4+ 12. Qc2 Qxc2+ 13. Kxc2 Nb4+ 14. Kc3 c5 15. a3 (15. Be3 Bb7) 15... Nc6 16.
Bg5 (16. Bf4 Bg7) 16... Bg7 17. Bf6 Bxf6 18. exf6 {[%csl Ge7]} O-O 19. g4 Rfe8
20. g5 {[%cal Gf1h3,Gh3d7]} Bb7 (20... Re4 21. Nd2 Re5 $132) 21. Rg1 Nd8 22.
Nd2 Ne6 23. h4 Nf4 $11) (11... Bg7) 12. Qc2 Ne7 13. b3 {86} (13. Bd3 Bg7 14. a3
(14. Qb3 $5 {Avec un K déroqué, l'échange des Q ne peut pas être mauvais pour
les Blancs} c5 $1 15. Bd2 Qb7 16. Bc3 O-O 17. Qxb7 $11 {[%cal Gd1c2]}) 14...
Qb7 15. Re1 {Radjabov,T (2744)-Aronian,L (2801) Wch Blitz 5th 2010 (1) 1/2}) (
13. Qb3 c5 14. Qxb4 cxb4 15. Bd3 Bg7 16. Re1 O-O 17. Kc2 Nc6 18. b3 d5 19. cxd5
Bxd3+ 20. Kxd3 Rfd8 21. Bf4 Rxd5+ 22. Ke4 $14 {Howell,D (2625)-Adams,M (2715)
GBR-ch 98th Sheffield 2011 (6) 0-1}) 13... Bg7 {30} 14. Bd2 {73 Les Blancs
commencent а réfléchir mais la position reste théorique} (14. Bb2) 14... Qb6 {
79} 15. c5 $1 {[%csl Rc6,Rd7]} Qb7 16. Bxa6 Qxa6 17. Re1 $1 $146 {[%cal Ge1e5]
61 Les Blancs essayent de retarder l'échange Qc4 en jouant un coup utile} (17.
Qc4 Qxc4 18. bxc4 {Ponomariov,R (2734)-Leko,P (2734) Dortmund SuperGM 2010 (1)
1-0}) 17... O-O {68 Une préparation maison} (17... Nd5 {Quelques mois plus
tard, les Noirs n'ont pas eu trop de problèmes pour égaliser} 18. Qc4 Qa3 19.
Nd4 O-O 20. Nc2 Qb2 {Forçant une répétition de position} 21. Bc1 Qc3 22. Bd2
Qb2 23. Bc1 Qc3 24. Bd2 {1/2-1/2 Nedev,T (2493)-Petkov,V (2511)/Skopje 2011})
18. Qc4 $5 {joué а tempo} Qb7 {44 Après une longue réflexion, les Noirs
évitent l'échange des Q} (18... Qxc4 19. bxc4 $11 {[%csl Rd7] Il n'est pas
facile pour les Noirs d'attaquer les P doublés et le P arriéré "d7" est trés
faible}) 19. Rc1 Nd5 20. Ke2 $1 {[%cal Ge2f1] Pofitant du fait que les Noirs
n'ont pas eu le temps de jouer Re8} Rfe8 {[%csl Re5][%cal Ge8e2] 34} 21. Kf1
$14 {Les Blancs ont réussi а roquer "а la main" et ils ont un bon avantage
d'espace.} Qb5 22. g3 {[%csl Gf4][%cal Gf1g2]} a5 $1 {[%cal Ga5a4]} 23. Qxb5 (
23. Kg2) 23... Rxb5 24. Re4 Ra8 25. Ne1 {24} a4 {08 Un coup naturel dans ce
genre de structure mais les Noirs vont avoir une mauvaise surprise car les
Blancs peuvent s'accrocher au P} (25... Re8 26. f4 f6 27. Nd3 Kf7) 26. Rxa4 $1
{Les Noirs ont du être surpris par cette réponse pragmatique} Rxa4 27. bxa4 Rb2
28. Rc2 $1 Rb1 29. f4 $14 {[%csl Ge5,Rg7]} f6 $1 30. exf6 {21} Bxf6 {08} 31.
Ke2 Kf7 {05} 32. Nd3 Ke7 (32... Rh1 $6 33. h4 Rh2+ $2 34. Nf2 {[%csl Ga4,Rh2]
[%cal Ga4a5,Ga5a8]}) 33. Rc1 Rb8 34. a5 {[%csl Ga5,Gd2] Les Noirs ont
probablement du regretter а ce moment le sacrifice de P car le P passé devient
dangereux} Kd8 35. g4 $1 {Les Blancs commencent а prendre de l'espace} Ne7 36.
Bb4 $1 {[%csl Gb4][%cal Ga2a3] Le seul atout des Noirs était la possession de
la colonne "b" et maintenant ils n'ont plus assez de compensations pour le P}
Nd5 37. a3 $16 Ke7 38. Kf3 Rf8 39. Re1+ Kf7 40. Bd2 Ra8 41. Bb4 Ne7 42. h4 $1
Rh8 43. f5 $1 {15} gxf5 {25} (43... Bxh4 $6 44. Ne5+ $36 {[%csl Rd7,Ge5][%cal
Ge1h1]}) 44. g5 $1 {Un joli coup intermédiaire, les Blancs redonnent le P mais
ils obtiennent uen forte majorité а а l'aile-roi} Bg7 45. h5 {[%csl Gg5,Gh5]}
Rb8 {Les Noirs ne peuvent pas jouer grand-chose pour progresser} 46. Kf4 {
[%csl Gf4,Rf7] La position Noire est déjà critique} Rb5 {Les Noirs passent
leur tour} 47. Ne5+ $1 {Force l'échange du B qui défendait bien l'aile-roi}
Bxe5+ 48. Rxe5 Rb8 49. Re1 $1 {[%cal Ge1h1] "Ne pas se presser en finale",
après avoir privé les Noirs de l'accès а l'aile-dame par Bb4 et eliminé le
défenseur de l'aile-roi, ils peuvent maintenant changer d'objectif.} Ra8 50.
Rh1 {L'avantage d'espace permet de manoeuvrer plus facilement} Kg8 {Le signe
que les Noirs sont déjà proches du zuzwang} (50... Ra7 51. g6+ $1 hxg6 52. h6
Ra8 53. h7 Rh8 54. Kg5 Nd5 55. a6 $18 {[%csl Ga6] Et les Noirs ne peuvent pas
suivre deux lièvres а la fois}) 51. Ke5 {[%cal Ge5f6]} Kg7 52. Rh2 {Commençant
la lutte pour mettre les Noirs en zugzwang} Re8 53. Rd2 {[%csl Rd7]} Rd8 (53...
Nd5+ $6 54. Kxf5) 54. Rd3 Kf7 55. Bd2 Kg7 {le K Noir parait en sécurité mais
les Blancs vont trouver des ressources étonnantes} (55... Rb8 $2 56. Rxd7) 56.
g6 $3 {Une leçon magistrale de technique!} Nd5 57. h6+ $3 {C'est digne d'une
étude} (57. Kxf5 {Plus pragmatique mais le russe a le sens de l'esthétique})
57... Kxg6 58. Rg3+ {[%csl Rg6]} Kh5 59. Rg5+ $1 {[%csl Rh5] le tourniquet est
particulièrement redoutable car il se produit non pas sur la 08ème rangée mais
sur une colonne et le K Noir est forcé de s'aventurer dans le camp Blanc Ce
qui est remarquable est le fait qu'il ne restait plus qu'une minute aux Blancs
en phase KO mais la technique est impeccable} Kh4 60. Rg7 $138 {[%csl Rh7]
Laisse un peu de répit aux Noirs} (60. Rxf5 $142 {[%csl Rh4]} Rg8 61. Rf7 {
[%csl Rd7,Rh7]} Rg2 62. Be1+ Kh5 63. Rf2 Rg4 64. Bd2 Ra4 65. Rf5+ Kg6 66. Rg5+
Kf7 67. Rg7+ {[%csl Rh7]}) 60... f4 $1 $13 {A ce niveau, la moindre faute est
exploitée et les Noirs trouvent un contre-jeu inespéré} (60... Kh5 61. Kxf5 {
[%csl Rh5]}) 61. a6 $1 {[%csl Ga6,Rd5,Rh4] Le réveil du P passé et les pièces
Noires sont trés mal placées pour le contrer. Le Nd5 occupe une position
centale mais il est trés peu utile} Re8+ 62. Kd4 Ra8 (62... Rf8 {[%csl Gf4]
[%cal Gf4f1]} 63. Rxh7 f3 64. Be1+ Kg5 (64... f2 65. Bxf2+ Rxf2 66. Rg7) 65. a7
f2 66. Bxf2 Rf4+ $1 67. Ke5 Rf5+ 68. Ke4 Rf4+ 69. Kd3 Rf3+ 70. Ke2 Rxa3 71.
Rxd7 Kxh6 72. Bd4 Rxa7 {Sauvant la nulle}) 63. Rxh7 {[%csl Gh6]} Kg5 (63...
Rxa6 64. Rg7 $18 {[%csl Gh6][%cal Gh6h7]}) 64. a4 Rxa6 65. a5 $1 {Le P "h6"
s'est sacrifié mais le temps perdu permet aux Blancs de gagner le P "d7"} Ra8
66. Rxd7 Kxh6 $2 {Il restait pourtant aux Noirs beaucoup plus de temps (8 mns)
qu'à l'adveraire mais il est difficile de défendre longtemps ce genre de
position sans faire de fautes .} (66... Nf6 $8 67. Rxc7) 67. Rxd5 cxd5 68.
Bxf4+ Kg6 69. Bxc7 Kf6 70. Kxd5 Ke7 71. Kc6 Ke6 72. Bb6 Rc8+ 73. Kb7 Rg8 74. c6
Kd6 75. c7 {[%mdl 4096]} 1-0